000 00341nam a22001457a 4500
999 _c12164
_d12164
020 _a978-93-5316-572-7
082 _a621.3
100 _aD P Kothari
245 _aBasic Electrical Engineering
250 _a4th Edition
260 _aNew Delhi
_bMcGraw Hill
_c2019
300 _a960
650 _aElectrical Engineering
942 _cBK